000 00304nam a22001457a 4500
003 SGT
082 _a617.3
_bO15K
100 _aKUMAR, M.N.
245 _aORTHOPEDICS AND TRAUMA
250 _a2ND
260 _aINDIA
_bWOLTERS
_c2015
300 _a1031
650 _aORTHOPEDICS
942 _2ddc
_cBK
_03
999 _c14785
_d14785